Équipes commençant par la lettre B - Statistiques

Statistiques générales
  • Ce quiz a été pris 93 fois
  • Le résultat moyen est 15 sur 20
Statistiques - réponses
Par images Réponse % Correct
FC Barcelone
99%
FC Girondins de Bordeaux
98%
Bayern Munich
97%
Borussia Dortmund
96%
SC Bastia
94%
SL Benfica
91%
Stade brestois
90%
Bayer Leverkusen
87%
Beşiktaş JK
84%
FC Bâle
83%
Brighton & Hove Albion
80%
Boca Juniors
78%
Brentford FC
76%
Burnley FC
75%
AFC Bournemouth
73%
Borussia Mönchengladbach
69%
Botafogo FR
61%
Blackburn Rovers FC
53%
Blackpool FC
18%
BATE Borisov
11%
Aucun quiz correspondant
Distribution des résultats
% des personnes avec chaque résultat
Percentile par nombre de réponses
Votre historique - résultats
Vous n’avez pas pris ce quiz